[Event "Speed Chess Invitational"]
[Site "chess.com INT"]
[Date "2020.10.25"]
[Round "1.1"]
[White "Duda, Jan-Krzysztof"]
[Black "Le, Tuan Minh"]
[Result "1-0"]
[WhiteTitle "GM"]
[BlackTitle "IM"]
[WhiteElo "2757"]
[BlackElo "2501"]
[WhiteFideId "1170546"]
[BlackFideId "12401153"]
[EventDate "2020.10.25"]

1. e4 c5 2. Nf3 Nf6 3. Nc3 d5 4. exd5 Nxd5 5. Bb5+ Bd7 6. Ne5 Nf6 7. Qf3 Qc8 8.
Nxd7 Nbxd7 9. b3 a6 10. Be2 g6 11. Bb2 Bg7 12. Nd5 Qc6 13. Nxf6+ Bxf6 14. Qxc6
bxc6 15. O-O-O Kd8 16. f4 Kc7 17. Rhe1 Rhd8 18. Bf3 Bxb2+ 19. Kxb2 e6 20. Re3 a5
21. Rc3 a4 22. d4 axb3 23. cxb3 Ra6 24. dxc5 Rda8 25. a4 Rb8 26. Ka3 Nf6 27. Rd6
Nd7 28. b4 Rba8 29. a5 Rb8 30. g4 h6 31. h4 g5 32. fxg5 hxg5 33. hxg5 Ne5 34.
Be2 Raa8 35. Re3 Nd7 36. Rd4 Rg8 37. Rf4 Raf8 38. Rh3 Rxg5 39. Rh7 Re5 40. Bc4
Re3+ 41. Ka4 Ne5 42. Bxe6 Kb8 43. Bf5 Rd8 44. Re4 Rxe4 45. Bxe4 Rd4 46. Bf5 Rf4
47. Rh8+ Kb7 48. Re8 f6 49. Re7+ Kb8 50. a6 Rf3 51. Be6 Re3 52. b5 cxb5+ 53.
Kxb5 Re1 54. a7+ 1-0

[Event "Speed Chess Invitational"]
[Site "chess.com INT"]
[Date "2020.10.25"]
[Round "1.2"]
[White "Le, Tuan Minh"]
[Black "Duda, Jan-Krzysztof"]
[Result "0-1"]
[WhiteTitle "IM"]
[BlackTitle "GM"]
[WhiteElo "2501"]
[BlackElo "2757"]
[WhiteFideId "12401153"]
[BlackFideId "1170546"]
[EventDate "2020.10.25"]

1. d4 Nf6 2. Nf3 e6 3. Bf4 b6 4. e3 Bb7 5. Nbd2 Be7 6. Bd3 c5 7. c3 cxd4 8. cxd4
Nd5 9. Bg3 f5 10. a3 O-O 11. e4 fxe4 12. Bxe4 Ba6 13. Qc2 Nc6 14. Bxh7+ Kh8 15.
Bg6 Rc8 16. Qe4 Bg5 17. Qg4 Bh6 18. Bh4 Qc7 19. Rd1 Nxd4 20. Nxd4 Rf4 21. Qg3
Qe5+ 0-1

[Event "Speed Chess Invitational"]
[Site "chess.com INT"]
[Date "2020.10.25"]
[Round "1.3"]
[White "Duda, Jan-Krzysztof"]
[Black "Le, Tuan Minh"]
[Result "0-1"]
[WhiteTitle "GM"]
[BlackTitle "IM"]
[WhiteElo "2757"]
[BlackElo "2501"]
[WhiteFideId "1170546"]
[BlackFideId "12401153"]
[EventDate "2020.10.25"]

1. e4 c5 2. Nf3 Nf6 3. Nc3 d5 4. exd5 Nxd5 5. Bb5+ Bd7 6. Ne5 Nf6 7. Qf3 Qc8 8.
Nxd7 Nbxd7 9. b3 a6 10. Be2 e6 11. Bb2 Be7 12. g4 Ne5 13. Qg3 Nc6 14. g5 Nd7 15.
O-O-O Nd4 16. Bd3 Qb8 17. f4 Qd6 18. Ne2 O-O-O 19. Rhf1 Nb6 20. Nxd4 cxd4 21.
Qg2 g6 22. Be4 Rd7 23. c4 Qc5 24. Kb1 Rhd8 25. Rc1 Rc7 26. a3 a5 27. Qh3 Rh8 28.
Qd3 Rd8 29. Rf3 Nd7 30. Bxd4 Qxa3 31. Bb2 Qb4 32. Qc2 Nc5 33. d4 Nxe4 34. Qxe4
Bf8 35. Qe5 Bd6 36. Qe4 Kb8 37. d5 exd5 38. Qxd5 Rcd7 39. Qb5 Qxb5 40. cxb5 Bb4
41. Bf6 Re8 42. Be5+ Ka7 43. Rh3 Kb6 44. Rxh7 Kxb5 45. h4 Red8 46. Bf6 Re8 47.
h5 Re3 48. hxg6 Rxb3+ 49. Kc2 Re3 50. Rb1 Rd2+ 51. Kc1 Re1# 0-1

[Event "Speed Chess Invitational"]
[Site "chess.com INT"]
[Date "2020.10.25"]
[Round "1.4"]
[White "Le, Tuan Minh"]
[Black "Duda, Jan-Krzysztof"]
[Result "1-0"]
[WhiteTitle "IM"]
[BlackTitle "GM"]
[WhiteElo "2501"]
[BlackElo "2757"]
[WhiteFideId "12401153"]
[BlackFideId "1170546"]
[EventDate "2020.10.25"]

1. d4 Nf6 2. Nf3 e6 3. Bf4 d5 4. e3 c5 5. c3 Nc6 6. Nbd2 Bd6 7. Bg3 O-O 8. Bb5
Ne7 9. Bd3 b6 10. O-O Bb7 11. a4 Ne4 12. a5 Nxg3 13. hxg3 Ng6 14. Qa4 Qc7 15. a6
Bc6 16. Bb5 Rac8 17. Rfd1 h5 18. Rac1 Bxb5 19. Qxb5 Qc6 20. Qe2 Ne7 21. e4 c4
22. Ng5 g6 23. e5 Bc7 24. g4 hxg4 25. Qxg4 Kg7 26. Ndf3 Nf5 27. g3 Qb5 28. Rb1
Qxa6 29. Kg2 Rh8 30. Rh1 Qa2 31. Nxf7 Kxf7 32. Ng5+ Ke7 33. Nxe6 Kxe6 34. Qxg6+
Kd7 35. Qxf5+ Kc6 36. Qe6+ Kb7 37. Qxd5+ Kb8 38. e6 Rhd8 39. Qe4 Re8 40. d5 Bd6
41. Rh7 Rc7 42. Rxc7 Kxc7 43. Rh1 b5 44. Rh7+ Kb6 45. Qd4+ Bc5 46. Qe5 Rc8 47.
Qg7 Qxb2 48. Qxa7# 1-0

[Event "Speed Chess Invitational"]
[Site "chess.com INT"]
[Date "2020.10.25"]
[Round "1.5"]
[White "Duda, Jan-Krzysztof"]
[Black "Le, Tuan Minh"]
[Result "1-0"]
[WhiteTitle "GM"]
[BlackTitle "IM"]
[WhiteElo "2757"]
[BlackElo "2501"]
[WhiteFideId "1170546"]
[BlackFideId "12401153"]
[EventDate "2020.10.25"]

1. e4 c5 2. Nf3 Nf6 3. Nc3 d5 4. exd5 Nxd5 5. Bb5+ Bd7 6. Ne5 Nf6 7. Qf3 Qc8 8.
Nxd7 Nbxd7 9. b3 a6 10. Be2 Ne5 11. Qe3 Ned7 12. Bb2 e6 13. g4 Nb6 14. Bf3 Qd7
15. g5 Nfd5 16. Nxd5 Nxd5 17. Qe5 O-O-O 18. O-O-O Rg8 19. h4 g6 20. Bxd5 Qxd5
21. Qf4 Rd7 22. Rh3 Bd6 23. Qg4 Be5 24. Bxe5 Qxe5 25. Rc3 Rgd8 26. Qg3 Qd4 27.
Kb1 Rc7 28. Rc4 Qd6 29. Qc3 Kb8 30. a4 Qd5 31. a5 Rdd7 32. Kc1 Qf5 33. Qg3 Ka8
34. Re1 Qd5 35. Qc3 Qf5 36. f3 Qd5 37. Re5 Qd6 38. Rexc5 Rxc5 39. Rxc5 Rd8 40.
Rc4 Qa3+ 41. Kb1 Qd6 42. d3 Qg3 43. f4 Qxh4 44. Kb2 Qf2 45. Qf6 Rb8 46. Qxf7 Qe3
47. Qg7 e5 48. Qxe5 Qf3 49. Qe4 Qf1 50. Rb4 Qf2 51. Rb6 Qc5 52. Rxa6+ 1-0

[Event "Speed Chess Invitational"]
[Site "chess.com INT"]
[Date "2020.10.25"]
[Round "1.6"]
[White "Le, Tuan Minh"]
[Black "Duda, Jan-Krzysztof"]
[Result "1-0"]
[WhiteTitle "IM"]
[BlackTitle "GM"]
[WhiteElo "2501"]
[BlackElo "2757"]
[WhiteFideId "12401153"]
[BlackFideId "1170546"]
[EventDate "2020.10.25"]

1. d4 d6 2. e4 Nf6 3. Nc3 g6 4. Nf3 Bg7 5. Bc4 O-O 6. Qe2 Nc6 7. h3 e5 8. dxe5
Nxe5 9. Bb3 Nxf3+ 10. Qxf3 Nd7 11. O-O Ne5 12. Qg3 Nc6 13. Bg5 Qd7 14. Nd5 Nd4
15. Qh4 Nxb3 16. axb3 h5 17. f4 Kh8 18. f5 Kg8 19. Nf6+ Bxf6 20. Bxf6 Qc6 21.
Qf4 d5 22. Qg5 dxe4 23. fxg6 1-0

[Event "Speed Chess Invitational"]
[Site "chess.com INT"]
[Date "2020.10.25"]
[Round "1.7"]
[White "Duda, Jan-Krzysztof"]
[Black "Le, Tuan Minh"]
[Result "1-0"]
[WhiteTitle "GM"]
[BlackTitle "IM"]
[WhiteElo "2757"]
[BlackElo "2501"]
[WhiteFideId "1170546"]
[BlackFideId "12401153"]
[EventDate "2020.10.25"]

1. d4 d5 2. Nf3 Nf6 3. Bg5 Ne4 4. Bf4 Bf5 5. Nbd2 e6 6. e3 Bd6 7. Bxd6 Qxd6 8.
Nxe4 Bxe4 9. Nd2 Bg6 10. c4 c6 11. Qb3 Qc7 12. Rc1 Qb6 13. h4 h6 14. h5 Bh7 15.
c5 Qc7 16. Bd3 Bxd3 17. Qxd3 Nd7 18. f4 b6 19. g4 bxc5 20. dxc5 Rb8 21. Qd4 e5
22. fxe5 Nxe5 23. Rc2 Rb4 24. Qc3 Rxg4 25. Kd1 O-O 26. Kc1 Rd8 27. Kb1 d4 28.
exd4 Rgxd4 29. Nb3 Rd3 30. Qe1 Nf3 31. Qc1 a5 32. Rc3 a4 33. Rxd3 Rxd3 34. Qc2
Qd7 35. Nc1 Rd4 36. Ka1 Qd5 37. a3 Re4 38. Rd1 Nd4 39. Qxa4 Qxc5 40. Qa8+ Kh7
41. Qb7 Qc4 42. Qd7 Nc2+ 43. Kb1 Ne3 44. Rd3 Nd5 45. Qf5+ Kg8 46. Rf3 Rf4 47.
Qc8+ Kh7 48. Rxf4 Qxf4 49. Qxc6 Qe4+ 50. Qc2 f5 51. a4 Qe5 52. Nd3 Qd4 53. a5
Qg1+ 54. Ka2 Qd4 55. b3 Qxd3 56. Qxd3 Nb4+ 57. Kb1 Nxd3 58. a6 f4 59. a7 Nc5 60.
a8=Q g6 61. Qa7+ 1-0

[Event "Speed Chess Invitational"]
[Site "chess.com INT"]
[Date "2020.10.25"]
[Round "1.8"]
[White "Le, Tuan Minh"]
[Black "Duda, Jan-Krzysztof"]
[Result "1/2-1/2"]
[WhiteTitle "IM"]
[BlackTitle "GM"]
[WhiteElo "2501"]
[BlackElo "2757"]
[WhiteFideId "12401153"]
[BlackFideId "1170546"]
[EventDate "2020.10.25"]

1. d4 d5 2. Nf3 Bf5 3. Bf4 e6 4. e3 Nf6 5. Bd3 Bxd3 6. Qxd3 a6 7. c4 dxc4 8.
Qxc4 c6 9. O-O Nbd7 10. Nc3 Be7 11. e4 O-O 12. Rfd1 Rc8 13. Qe2 Re8 14. Rac1 h6
15. h3 Qa5 16. a3 Bf8 17. Nd2 Qh5 18. Nf3 c5 19. e5 Nh7 20. d5 Qf5 21. Bg3 exd5
22. Nxd5 Ndf6 23. Ne3 Qe6 24. exf6 Nxf6 25. Qc4 Qc6 26. Ne5 Qe6 27. Qxe6 Rxe6
28. N5c4 b5 29. Nd6 Rc6 30. Ndf5 g6 31. Nh4 Ne4 32. Bh2 Bg7 33. Rc2 c4 34. Nf3
Re8 35. h4 Nc5 36. Rd6 Rcc8 37. Rd5 Na4 38. Be5 Nb6 39. Rd6 Bxe5 40. Nxe5 Na4
41. N5g4 Red8 42. Rxa6 h5 43. Nf6+ Kg7 44. Ne4 Rd4 45. Ng5 Rxh4 46. Ra7 Kf6 47.
Nxf7 Rd4 48. g3 Nc5 49. Re2 Ne4 50. Ng2 c3 51. bxc3 Rxc3 52. Nf4 Nxg3 53. fxg3
Rxg3+ 54. Kh2 Rf3 55. Nh3 Rdd3 56. Nfg5 Rfe3 57. Rf7+ Ke5 58. Rxe3+ Rxe3 59. Rf3
Rxf3 60. Nxf3+ Kd5 61. Nd2 Kd4 62. Nf2 Kc3 63. Nfe4+ Kb2 64. Nd6 Kxa3 65. Nxb5+
Kb4 66. Nd6 g5 67. Nf7 g4 68. Ne4 h4 69. Kg2 g3 70. Kh3 g2 71. Kxg2 h3+ 72. Kh2
Kc4 73. Nfd6+ Kb4 74. Nf2 Kc5 75. Nf5 Kd5 76. Ne3+ Kc5 77. Nf1 Kc4 78. Nd2+ Kc3
79. Nf3 Kb3 80. Nh1 Kb4 81. Kg3 h2 82. Kf4 Kb5 83. Ke4 Kb4 84. Kd4 Kb3 85. Nxh2 1/2-1/2

[Event "Speed Chess Invitational"]
[Site "chess.com INT"]
[Date "2020.10.25"]
[Round "1.9"]
[White "Duda, Jan-Krzysztof"]
[Black "Le, Tuan Minh"]
[Result "1-0"]
[WhiteTitle "GM"]
[BlackTitle "IM"]
[WhiteElo "2757"]
[BlackElo "2501"]
[WhiteFideId "1170546"]
[BlackFideId "12401153"]
[EventDate "2020.10.25"]

1. d4 d5 2. Nf3 Nf6 3. Bf4 e6 4. e3 Bd6 5. Nbd2 O-O 6. c3 c5 7. Bg3 Qc7 8. Ne5
b6 9. Bd3 Ba6 10. Bc2 Nfd7 11. f4 f5 12. Bh4 Nc6 13. g4 Ndxe5 14. fxe5 Be7 15.
Bf2 cxd4 16. exd4 Nxe5 17. gxf5 exf5 18. Bg3 f4 19. Qh5 Nd3+ 20. Bxd3 Bxd3 21.
Qxd5+ Kh8 22. Bf2 Rad8 23. Qf3 Bf5 24. O-O-O b5 25. Rhe1 b4 26. c4 Bf6 27. d5 a5
28. c5 a4 29. Ne4 a3 30. Nxf6 axb2+ 31. Kxb2 Rxf6 32. d6 Qa5 33. c6 Ra8 34. Qb3
Rff8 35. d7 Bg6 36. Rd5 Qa6 37. c7 Bf7 38. d8=Q Bxd5 39. Qdxd5 Rac8 40. Rc1 Qf6+
41. Bd4 Qh6 42. Qe5 Qxh2+ 43. Rc2 Qh6 44. Qbe6 1-0

[Event "Speed Chess Invitational"]
[Site "chess.com INT"]
[Date "2020.10.25"]
[Round "1.10"]
[White "Le, Tuan Minh"]
[Black "Duda, Jan-Krzysztof"]
[Result "0-1"]
[WhiteTitle "IM"]
[BlackTitle "GM"]
[WhiteElo "2501"]
[BlackElo "2757"]
[WhiteFideId "12401153"]
[BlackFideId "1170546"]
[EventDate "2020.10.25"]

1. d4 d5 2. Nf3 Nf6 3. Bf4 Bf5 4. e3 e6 5. Bd3 Bg6 6. O-O Bd6 7. Bg3 Bxg3 8.
hxg3 Nbd7 9. c4 c6 10. Nc3 Bxd3 11. Qxd3 Qb6 12. c5 Qc7 13. b4 e5 14. dxe5 Nxe5
15. Qf5 Nxf3+ 16. gxf3 Qe7 17. Ne2 a5 18. a3 g6 19. Qf4 O-O 20. Nd4 Nh5 21. Qh6
Qe5 22. g4 Qg7 23. Qg5 Nf6 24. Kg2 h5 25. gxh5 Nxh5 26. Rh1 Rfe8 27. f4 Re4 28.
Rh4 axb4 29. Rah1 bxa3 30. Nf5 f6 31. Nh6+ Kf8 32. Qg4 Qxh6 33. Qd7 Qg7 34. Qg4
a2 35. Kf3 f5 36. Qg1 a1=Q 0-1

[Event "Speed Chess Invitational"]
[Site "chess.com INT"]
[Date "2020.10.25"]
[Round "1.11"]
[White "Duda, Jan-Krzysztof"]
[Black "Le, Tuan Minh"]
[Result "1-0"]
[WhiteTitle "GM"]
[BlackTitle "IM"]
[WhiteElo "2757"]
[BlackElo "2501"]
[WhiteFideId "1170546"]
[BlackFideId "12401153"]
[EventDate "2020.10.25"]

1. d4 d5 2. Nf3 Nf6 3. c4 c6 4. Nc3 a6 5. e3 Bf5 6. Qb3 Ra7 7. a4 e6 8. a5 Nbd7
9. Nh4 Be4 10. Be2 Bd6 11. Bd2 O-O 12. f3 Bg6 13. Nxg6 hxg6 14. c5 Bc7 15. Qa2
e5 16. b4 Nh5 17. O-O-O Qf6 18. g4 exd4 19. Nb1 dxe3 20. Bc3 Be5 21. Bxe5 Nxe5
22. gxh5 gxh5 23. Qb2 Raa8 24. Qd4 Rae8 25. f4 Ng6 26. Qxf6 gxf6 27. Rd4 f5 28.
Nc3 Kg7 29. Bxh5 Rh8 30. Bxg6 fxg6 31. Ne2 Rh4 32. Kc2 Reh8 33. Rd3 g5 34. Rxe3
gxf4 35. Rf3 Rxh2 36. Rxh2 Rxh2 37. Kd3 Kf6 38. Nxf4 Rb2 39. Kc3 Rh2 40. Re3 Rh4
41. Rf3 Rg4 42. Nd3 Rc4+ 43. Kd2 Re4 44. Rh3 f4 45. Rh6+ Kg5 46. Rh7 f3 47. Rxb7
Re2+ 48. Kc3 Kg4 49. Rg7+ Kh4 50. Rg6 f2 51. Nxf2 Rxf2 52. Rxc6 Rf4 53. Rd6 Rc4+
54. Kb3 Rd4 55. Rxa6 Kg5 56. Rd6 Kf5 57. a6 Ke5 58. a7 Rd3+ 59. Ka4 Rd1 60.
Rxd5+ 1-0

[Event "Speed Chess Invitational"]
[Site "chess.com INT"]
[Date "2020.10.25"]
[Round "1.1"]
[White "Karjakin, Sergey"]
[Black "Naroditsky, Daniel"]
[Result "1/2-1/2"]
[WhiteTitle "GM"]
[BlackTitle "GM"]
[WhiteElo "2752"]
[BlackElo "2621"]
[WhiteFideId "14109603"]
[BlackFideId "2026961"]
[EventDate "2020.10.25"]

1. e4 e5 2. Nf3 Nc6 3. Bb5 a6 4. Ba4 Nf6 5. O-O Be7 6. Re1 b5 7. Bb3 d6 8. c3
O-O 9. h3 Na5 10. Bc2 c5 11. d4 Nd7 12. d5 Bf6 13. Nbd2 Nb6 14. Nf1 Bd7 15. b3
Nb7 16. g4 c4 17. b4 a5 18. Ng3 g6 19. Be3 axb4 20. cxb4 Ra6 21. Qd2 Qc7 22. Ne2
Na4 23. Rec1 Rfa8 24. Kh2 Qc8 25. a3 Bd8 26. Ra2 Bb6 27. Bxa4 Bxe3 28. Qxe3 Rxa4
29. Rca1 Qf8 30. Nc3 R4a6 31. Nd2 f5 32. gxf5 gxf5 33. f4 Qh6 34. Rg1+ Kh8 35.
Rg5 Qf6 36. exf5 exf4 37. Nde4 Qxg5 38. Qd4+ Qg7 39. f6 Qh6 40. f7+ Qg7 41. Nf6
Qg3+ 42. Kh1 Qxh3+ 43. Kg1 Qg3+ 44. Rg2 Qe1+ 45. Kh2 Qh4+ 46. Kg1 Qe1+ 47. Kh2
Qh4+ 48. Kg1 Qe1+ 1/2-1/2

[Event "Speed Chess Invitational"]
[Site "chess.com INT"]
[Date "2020.10.25"]
[Round "1.2"]
[White "Naroditsky, Daniel"]
[Black "Karjakin, Sergey"]
[Result "0-1"]
[WhiteTitle "GM"]
[BlackTitle "GM"]
[WhiteElo "2621"]
[BlackElo "2752"]
[WhiteFideId "2026961"]
[BlackFideId "14109603"]
[EventDate "2020.10.25"]

1. b3 e5 2. Bb2 Nc6 3. Nf3 e4 4. Nd4 Nf6 5. e3 Nxd4 6. Bxd4 d5 7. c4 c6 8. Nc3
Be7 9. cxd5 cxd5 10. Bb5+ Bd7 11. Bxd7+ Qxd7 12. O-O O-O 13. f3 a6 14. Qe1 Rac8
15. Qg3 Qe6 16. fxe4 dxe4 17. Kh1 Rfd8 18. Rac1 h6 19. Ne2 Rxc1 20. Rxc1 Bd6 21.
Qh3 Qxh3 22. gxh3 Nd5 23. Ng3 Bxg3 24. hxg3 h5 25. Kg2 f6 26. g4 hxg4 27. hxg4
Nf4+ 28. Kf1 Ne6 29. Bc3 Kf7 30. Ke2 Rh8 31. Kf2 Rc8 32. Rh1 Kg6 33. Kg3 Rd8 34.
Rf1 Rd5 35. Rf2 Rg5 36. Kh4 f5 37. gxf5+ Rxf5 38. Rg2+ Kh6 39. Rg4 Rh5+ 40. Kg3
Rg5 41. Kh4 Rxg4+ 42. Kxg4 g6 43. Be5 Kh7 44. b4 Kg8 45. a3 Kf7 46. Bc3 Ke8 47.
d3 exd3 48. Kf3 Nc7 49. e4 Nb5 50. Bb2 Nd6 51. Bc3 Nc4 52. a4 Kd7 53. b5 axb5
54. axb5 Kd6 55. Bd4 g5 56. Bg1 g4+ 57. Kf2 Ke5 58. Kg3 d2 0-1

[Event "Speed Chess Invitational"]
[Site "chess.com INT"]
[Date "2020.10.25"]
[Round "1.3"]
[White "Karjakin, Sergey"]
[Black "Naroditsky, Daniel"]
[Result "1-0"]
[WhiteTitle "GM"]
[BlackTitle "GM"]
[WhiteElo "2752"]
[BlackElo "2621"]
[WhiteFideId "14109603"]
[BlackFideId "2026961"]
[EventDate "2020.10.25"]

1. e4 g6 2. d4 Bg7 3. Nc3 d6 4. f4 Nc6 5. Nf3 Bg4 6. Be3 Bxf3 7. gxf3 e6 8. Qd2
Nf6 9. O-O-O O-O 10. Rg1 a6 11. h4 b5 12. Ne2 Nh5 13. Bh3 f5 14. d5 Ne7 15. dxe6
Qc8 16. Nd4 c5 17. Nxf5 gxf5 18. Qxd6 Qe8 19. Bxc5 Ng6 20. Bxf5 Kh8 21. e7 Rf6
22. Qd7 Rf7 23. Qxe8+ Rxe8 24. Bxg6 hxg6 25. Rd8 Nf6 26. e5 1-0

[Event "Speed Chess Invitational"]
[Site "chess.com INT"]
[Date "2020.10.25"]
[Round "1.4"]
[White "Naroditsky, Daniel"]
[Black "Karjakin, Sergey"]
[Result "0-1"]
[WhiteTitle "GM"]
[BlackTitle "GM"]
[WhiteElo "2621"]
[BlackElo "2752"]
[WhiteFideId "2026961"]
[BlackFideId "14109603"]
[EventDate "2020.10.25"]

1. b3 e5 2. Bb2 Nc6 3. Nf3 e4 4. Nd4 Nf6 5. e3 Nxd4 6. Bxd4 Be7 7. c4 b6 8. Nc3
Bb7 9. Be2 c5 10. Be5 d6 11. Bg3 O-O 12. O-O d5 13. cxd5 Nxd5 14. Bc4 Bf6 15.
Rc1 Nb4 16. Qg4 Nd3 17. Rb1 Re8 18. Qe2 Ne5 19. Bb5 Re7 20. Ba6 Bxa6 21. Qxa6
Nd3 22. Qc4 Bxc3 23. Qxc3 Qd5 24. f3 Rd8 25. a3 f6 26. b4 c4 27. a4 h5 28. b5
Nc5 29. a5 bxa5 30. Rf2 a4 31. Qa3 Kh7 32. h4 Re6 33. Rc1 Nd3 34. fxe4 Rxe4 35.
Rcf1 Nxf2 36. Rxf2 Rg4 37. Bf4 Qxb5 38. Qe7 Qb1+ 39. Kh2 Qd3 40. Qf7 Qd5 41. Qe7
Rd7 42. Qb4 Rxh4+ 43. Kg1 Rb7 44. Qxa4 Rb1+ 45. Rf1 Rxf1+ 46. Kxf1 Qxd2 0-1

[Event "Speed Chess Invitational"]
[Site "chess.com INT"]
[Date "2020.10.25"]
[Round "1.5"]
[White "Karjakin, Sergey"]
[Black "Naroditsky, Daniel"]
[Result "1-0"]
[WhiteTitle "GM"]
[BlackTitle "GM"]
[WhiteElo "2752"]
[BlackElo "2621"]
[WhiteFideId "14109603"]
[BlackFideId "2026961"]
[EventDate "2020.10.25"]

1. e4 e5 2. Nf3 Nc6 3. Bc4 Bc5 4. c3 Nf6 5. d3 a6 6. O-O Ba7 7. Nbd2 h6 8. a4 d6
9. Re1 Be6 10. b4 Ne7 11. Bxe6 fxe6 12. Qb3 Qd7 13. Nf1 Ng6 14. Be3 Bxe3 15.
Rxe3 O-O 16. h3 Nf4 17. N3h2 Qf7 18. Qd1 Rad8 19. Qe1 g5 20. d4 Nd7 21. Rd1 Nb6
22. dxe5 Nc4 23. Ng4 Qg7 24. Rg3 Nxe5 25. Nxe5 Qxe5 26. Nh2 Rf7 27. Ng4 Qg7 28.
e5 d5 29. Nf6+ Rxf6 30. exf6 Qxf6 31. Qe3 e5 32. Re1 e4 33. f3 Re8 34. fxe4 Rxe4
35. Qf2 Qe5 36. Rxe4 dxe4 37. Re3 Nd5 38. Re1 c6 39. Qd4 Qxd4+ 40. cxd4 e3 41.
Kf1 Kf7 42. Ke2 Nxb4 43. Rb1 a5 44. Kxe3 Ke6 45. Ke4 Kd6 46. g4 b5 47. Ra1 Nc2
48. Ra2 Nb4 49. Ra3 Nc2 50. Rc3 Nb4 51. axb5 cxb5 52. Rc5 Na2 53. Ke3 b4 54.
Rxa5 Nc3 55. Kd3 Nd5 56. Kc4 Nf4 57. Ra6+ Kd7 58. Rxh6 Ne6 59. Rxe6 b3 60. Kxb3
Kxe6 61. Kc4 1-0

[Event "Speed Chess Invitational"]
[Site "chess.com INT"]
[Date "2020.10.25"]
[Round "1.6"]
[White "Naroditsky, Daniel"]
[Black "Karjakin, Sergey"]
[Result "1/2-1/2"]
[WhiteTitle "GM"]
[BlackTitle "GM"]
[WhiteElo "2621"]
[BlackElo "2752"]
[WhiteFideId "2026961"]
[BlackFideId "14109603"]
[EventDate "2020.10.25"]

1. d4 Nf6 2. Nc3 d5 3. Bf4 c5 4. e3 cxd4 5. exd4 a6 6. Nf3 Nc6 7. Ne5 Bd7 8. g3
e6 9. Bg2 Qb6 10. Nxd7 Nxd7 11. O-O Be7 12. Bxd5 Qxb2 13. Bxc6 bxc6 14. Qf3 Rc8
15. Qd3 Qb7 16. Ne4 O-O 17. Bd6 Rce8 18. Rab1 Qa7 19. Bxe7 Rxe7 20. Qa3 Nf6 21.
Nxf6+ gxf6 22. Rfe1 Rd7 23. c3 c5 24. dxc5 Rc8 25. Rb6 Qc7 26. Qxa6 Qxc5 27. Rb2
Qxc3 28. Rbe2 Qc6 29. Qa3 1/2-1/2

[Event "Speed Chess Invitational"]
[Site "chess.com INT"]
[Date "2020.10.25"]
[Round "1.7"]
[White "Karjakin, Sergey"]
[Black "Naroditsky, Daniel"]
[Result "1-0"]
[WhiteTitle "GM"]
[BlackTitle "GM"]
[WhiteElo "2752"]
[BlackElo "2621"]
[WhiteFideId "14109603"]
[BlackFideId "2026961"]
[EventDate "2020.10.25"]

1. e4 e5 2. Nf3 Nc6 3. Bb5 d6 4. c3 Bd7 5. d4 Nge7 6. O-O Ng6 7. d5 Nb8 8. c4
Be7 9. Nc3 O-O 10. Bxd7 Nxd7 11. g3 f5 12. exf5 Rxf5 13. Be3 Qf8 14. Nd2 Qf7 15.
Nde4 Rf8 16. Qe2 Nf4 17. Qd1 Qg6 18. Kh1 Nh3 19. Kg2 Rh5 20. f3 Nf6 21. Nxf6+
gxf6 22. f4 f5 23. Qe2 Kh8 24. Rae1 Rg8 25. fxe5 dxe5 26. Bd2 e4 27. Nxe4 fxe4
28. Bc3+ Rg7 29. Qxe4 Ng5 30. Qxg6 hxg6 31. Rxe7 1-0

[Event "Speed Chess Invitational"]
[Site "chess.com INT"]
[Date "2020.10.25"]
[Round "1.8"]
[White "Naroditsky, Daniel"]
[Black "Karjakin, Sergey"]
[Result "0-1"]
[WhiteTitle "GM"]
[BlackTitle "GM"]
[WhiteElo "2621"]
[BlackElo "2752"]
[WhiteFideId "2026961"]
[BlackFideId "14109603"]
[EventDate "2020.10.25"]

1. e4 e5 2. Nf3 Nc6 3. Nc3 Nf6 4. g3 d5 5. exd5 Nxd5 6. Bg2 Nxc3 7. bxc3 Bc5 8.
O-O O-O 9. d3 Bb6 10. Re1 Re8 11. h3 h6 12. Nd2 Bf5 13. Nc4 Qf6 14. Ne3 Be6 15.
Qe2 Rad8 16. Ng4 Bxg4 17. hxg4 e4 18. d4 Bxd4 19. cxd4 Nxd4 20. Qc4 Nf3+ 21.
Bxf3 Qxa1 22. Bg2 c6 23. Bd2 Qd4 24. Qxd4 Rxd4 25. Be3 Ra4 26. Rb1 b6 27. Rb2
Rd8 28. c3 Rd1+ 29. Kh2 c5 30. Re2 g5 31. f3 exf3 32. Bxf3 Rd3 33. Kg2 Rxc3 34.
Bd5 Rd3 35. Bb3 Re4 36. Kf2 Rxg4 37. Bc2 Rc3 38. Bf5 Ra4 39. Rd2 Rca3 40. Bb1
Rb4 41. Bf5 Kg7 42. g4 Rba4 43. Rd7 Rxa2+ 44. Kf1 Rb2 45. Rd1 Rh2 46. Kg1 Re2
47. Bd2 Rd4 48. Bc3 a5 49. Bxd4+ cxd4 50. Kf1 Rb2 51. Rxd4 b5 52. Rd7 Kf6 53.
Ra7 a4 54. Ke1 h5 55. Bd7 h4 56. Be8 h3 57. Rxf7+ Ke5 58. Rh7 h2 59. Bg6 a3 60.
Kd1 a2 61. Kc1 a1=Q+ 0-1

[Event "Speed Chess Invitational"]
[Site "chess.com INT"]
[Date "2020.10.25"]
[Round "1.9"]
[White "Karjakin, Sergey"]
[Black "Naroditsky, Daniel"]
[Result "1-0"]
[WhiteTitle "GM"]
[BlackTitle "GM"]
[WhiteElo "2752"]
[BlackElo "2621"]
[WhiteFideId "14109603"]
[BlackFideId "2026961"]
[EventDate "2020.10.25"]

1. e4 e5 2. Nf3 Nc6 3. Bb5 a6 4. Ba4 d6 5. O-O Bd7 6. Re1 Nge7 7. c4 Ng6 8. d4
exd4 9. Nxd4 Be7 10. Bxc6 bxc6 11. Nc3 O-O 12. b3 Bf6 13. Bb2 Be5 14. Nf3 Bf6
15. Na4 Re8 16. h3 Nf4 17. e5 dxe5 18. Bxe5 Bxe5 19. Rxe5 Rxe5 20. Nxe5 Qg5 21.
Ng4 Be6 22. Qf3 h5 23. Ne3 Nxh3+ 24. Kf1 Nf4 25. Rd1 Bg4 26. Qxc6 Rf8 27. Nxg4
hxg4 28. Nc3 Qh5 29. Kg1 Qe5 30. Qe4 Qg5 31. g3 Ne6 32. Kg2 Re8 33. Nd5 c6 34.
Ne3 Qc5 35. Qxg4 Qa5 36. Rd7 Qxa2 37. Nf5 Qb2 38. Nh6+ Kf8 39. Rxf7# 1-0

[Event "Speed Chess Invitational"]
[Site "chess.com INT"]
[Date "2020.10.25"]
[Round "1.1"]
[White "Grischuk, Alexander"]
[Black "Anton Guijarro, David"]
[Result "0-1"]
[WhiteTitle "GM"]
[BlackTitle "GM"]
[WhiteElo "2777"]
[BlackElo "2681"]
[WhiteFideId "4126025"]
[BlackFideId "2285525"]
[EventDate "2020.10.25"]

1. d4 Nf6 2. c4 e6 3. Nc3 Bb4 4. e3 O-O 5. Bd3 d5 6. cxd5 exd5 7. Ne2 Re8 8. O-O
Bd6 9. Bd2 a6 10. Rc1 Nbd7 11. a3 c5 12. dxc5 Nxc5 13. Bb1 Be6 14. Nd4 Rc8 15.
Nce2 Bd7 16. Bf5 Nce4 17. Rxc8 Qxc8 18. Bxd7 Qxd7 19. Bb4 Bb8 20. Nf3 Rc8 21.
Bc3 Nxc3 22. Nxc3 Ba7 23. Qd3 Rd8 24. Rd1 h6 25. h3 Bb6 26. Nd4 g6 27. Qe2 Ba7
28. Qf3 Kg7 29. Nde2 Qc6 30. Nf4 d4 31. Qxc6 bxc6 32. exd4 Rxd4 33. Rxd4 Bxd4
34. Nfe2 Ba7 35. Kf1 Ne8 36. Nc1 Nd6 37. Ke2 Nc4 38. Nd3 Bd4 39. Nd1 Kf6 40. a4
a5 41. b4 Ke6 42. Ne3 Bxe3 43. fxe3 Kd5 44. bxa5 Nxa5 45. Nf4+ Kc4 46. Nd3 f6
47. Nf2 Kb3 48. Ne4 f5 49. Nd6 c5 50. g4 fxg4 51. hxg4 c4 52. Kd1 c3 53. Kc1 h5
54. gxh5 gxh5 55. Nf5 Kxa4 56. Kc2 Kb4 57. e4 Nc4 58. Ne7 Na3+ 59. Kc1 h4 60.
Nd5+ Kc4 61. Ne3+ Kd3 62. Nf5 h3 63. e5 h2 64. Ng3 Nb5 65. e6 Nd6 66. e7 c2 67.
Nh1 Ne8 68. Ng3 Ke3 69. Kxc2 Kf3 70. Nh1 Kg2 71. Kd3 Kxh1 0-1